| 000 | 00839nam a22002177a 4500 | ||
|---|---|---|---|
| 999 |
_c7949 _d7949 |
||
| 003 | AR-CdUCM | ||
| 008 | 190321b ||||| |||| 00| 0 spa d | ||
| 040 |
_aMUNICIPALIDAD PROVINCIAL DEL CUSCO _cBIBLIOTECA MUNICIPAL DEL CUSCO |
||
| 082 |
_a303.4 / _bP78 |
||
| 100 |
_aPortuondo, Jose A. _922461 |
||
| 245 |
_aLa Aurora : _by los comienzos de la prensa y de la organización obrera en Cuba / |
||
| 260 |
_aCuba : _bImprenta Nacional de Cuba, _c1961. |
||
| 300 |
_a115 páginas ; _bImagenes ; _c20 cm. |
||
| 500 | _aDonación familia Nieto | ||
| 505 | _aContenido: Antecedentes de la organización obrera -- Nacimiento de "La Aurora" -- Las campañas de "La Aurora" -- Significación de "La Aurora". | ||
| 650 |
_aProletario _92498 |
||
| 650 |
_aLuchas _96249 |
||
| 650 |
_aClases sociales _92411 |
||
| 942 |
_2ddc _cLIBROS |
||
| 945 | _aafb | ||